| 000 | 00661nam a22002057a 4500 | ||
|---|---|---|---|
| 003 | OSt | ||
| 005 | 20250929062728.0 | ||
| 008 | 250929b |||||||| |||| 00| 0 eng d | ||
| 040 |
_aDWCL-Main lib _cOC |
||
| 082 | _aCirc. 641.5943 W386c 1968 | ||
| 100 | _aWechsberg, Joseph | ||
| 245 |
_aThe cooking of vienna's Empire/ _cJoseph Wechsberg |
||
| 260 |
_aCanada: _bTime Inc., _c c1968 |
||
| 300 |
_a206 pages: _bcolor illustration; _c Description 206 pages: color illustration; |
||
| 504 | _aIncludes glossary and Index | ||
| 650 | _a1. Cooking Australian | ||
| 650 | _a2. Cooking Hungarian | ||
| 650 | _a3. Cooking, Czech | ||
| 942 |
_2ddc _cBK-CIRC _kCirc. _n0 |
||
| 999 |
_c4542 _d4542 |
||